Electrical wiring Industry (Record no. 68534)

MARC details
000 -LEADER
fixed length control field 00624nam a22002417a 4500
003 - CONTROL NUMBER IDENTIFIER
control field URS
005 - DATE AND TIME OF LATEST TRANSACTION
control field 20230307111405.0
008 - FIXED-LENGTH DATA ELEMENTS--GENERAL INFORMATION
fixed length control field 200211b ||||| |||| 00| 0 eng d
020 ## - INTERNATIONAL STANDARD BOOK NUMBER
International Standard Book Number 0827327625
040 ## - CATALOGING SOURCE
Transcribing agency URS
050 ## - LIBRARY OF CONGRESS CALL NUMBER
Classification number TK 3283
Item number .S63 1987
100 ## - MAIN ENTRY--PERSONAL NAME
Personal name Smith, Robert L.
245 ## - TITLE STATEMENT
Title Electrical wiring Industry
250 ## - EDITION STATEMENT
Edition statement 6th
264 ## - PRODUCTION, PUBLICATION, DISTRIBUTION, MANUFACTURE, AND COPYRIGHT NOTICE
Place of production, publication, distribution, manufacture Albany, New York
Name of producer, publisher, distributor, manufacturer Delmar publisher Inc.
Date of production, publication, distribution, manufacture, or copyright notice c1987
300 ## - PHYSICAL DESCRIPTION
Extent vii, 156 p.
Other physical details ill.
336 ## - CONTENT TYPE
Source rdacontent
Content type term text
337 ## - MEDIA TYPE
Source rdamedia
Media type term unmediated
338 ## - CARRIER TYPE
Source rdacarrier
Carrier type term vulome
504 ## - BIBLIOGRAPHY, ETC. NOTE
Bibliography, etc. note Inlcudes index.
700 ## - ADDED ENTRY--PERSONAL NAME
Personal name Herman, Stephen L.
942 ## - ADDED ENTRY ELEMENTS (KOHA)
Source of classification or shelving scheme Library of Congress Classification
Koha item type Foreign Books
Holdings
Withdrawn status Source of classification or shelving scheme Damaged status Not for loan Collection code Home library Current library Shelving location Date acquired Total Checkouts Full call number Barcode Date last seen Price effective from Koha item type
  Library of Congress Classification     Non-fiction Tanay College Library Tanay College Library General Stacks 02/11/2020   TK 3283 .S63 1987 URSTAN-9212 02/11/2020 02/11/2020 Foreign Books
  Library of Congress Classification       Tanay College Library Tanay College Library   02/17/2023   TK 3283 .S63 1987 URSTAN-9213 02/17/2023 02/17/2023 Foreign Books

University of Rizal System
Email us at univlibservices@urs.edu.ph

Visit our Website www.urs.edu.ph/library